सोन मिरगला / (Record no. 119043)

MARC details
000 -LEADER
fixed length control field 01048nam a22002657a 4500
005 - DATE AND TIME OF LATEST TRANSACTION
control field 20170124103126.0
010 ## - LIBRARY OF CONGRESS CONTROL NUMBER
LC control number B-091699
020 ## - INTERNATIONAL STANDARD BOOK NUMBER
Terms of availability 125.00
International Standard Book Number 8188858102
035 ## - SYSTEM CONTROL NUMBER
System control number B-091699
037 ## - SOURCE OF ACQUISITION
Source of stock number/acquisition Cen Lib/Ret
040 ## - CATALOGING SOURCE
Original cataloging agency DPL
Language of cataloging HN
082 ## - DEWEY DECIMAL CLASSIFICATION NUMBER
Classification number 861
Item number जोसीस
100 ## - MAIN ENTRY--PERSONAL NAME
Personal name जोसी, सत्यप्रकास
9 (RLIN) 43083
245 ## - TITLE STATEMENT
Title सोन मिरगला /
Statement of responsibility, etc सत्यप्रकास जोसी
246 ## - VARYING FORM OF TITLE
Title proper/short title Son miragala /
Remainder of title by Satya Prakash Josi
260 ## - PUBLICATION, DISTRIBUTION, ETC. (IMPRINT)
Place of publication, distribution, etc बीकानेर
Name of publisher, distributor, etc सूर्य प्रकाशन मंदिर
Date of publication, distribution, etc 2003
270 ## - ADDRESS
Address नेहरु मार्ग
City बीकानेर
Postal code 334005
300 ## - PHYSICAL DESCRIPTION
Extent 80पृ.
Dimensions 21सेमी(सजिल्द)
500 ## - GENERAL NOTE
General note अनुक्रमणिका शामिल
650 ## - SUBJECT ADDED ENTRY--TOPICAL TERM
Topical term or geographic name as entry element हिंदी साहित्य
9 (RLIN) 83084
650 ## - SUBJECT ADDED ENTRY--TOPICAL TERM
Topical term or geographic name as entry element हिंदी काव्य
9 (RLIN) 83085
650 ## - SUBJECT ADDED ENTRY--TOPICAL TERM
Topical term or geographic name as entry element Hindi literature
9 (RLIN) 83086
650 ## - SUBJECT ADDED ENTRY--TOPICAL TERM
Topical term or geographic name as entry element Hindi Poetry
9 (RLIN) 83087
942 ## - ADDED ENTRY ELEMENTS (KOHA)
Source of classification or shelving scheme Dewey Decimal Classification
Koha item type Hindi Books
Classification part 861
Call number suffix जोसीस
Holdings
Withdrawn status Lost status Damaged status Not for loan Home library Current library Date acquired Source of acquisition Cost, normal purchase price Total Checkouts Full call number Barcode Date last seen Copy number Cost, replacement price Price effective from Koha item type
        Central Library Central Library 15/09/2015 Cen Lib/Ret 125.00   861 जोसीस B-091699 15/09/2015 1 125.00 15/09/2015 Hindi Books

© Delhi Public Library
Hit Counter
free hit counter